| 000 | 00687nam a22002057a 4500 | ||
|---|---|---|---|
| 999 |
_c162810 _d162810 |
||
| 005 | 20190322120909.0 | ||
| 010 | _aA-933714 | ||
| 020 |
_a8120312376 _c225.00 |
||
| 035 | _aA-933714 | ||
| 082 |
_23rd _a629.8312 |
||
| 100 | _aOgata, Katsuhiko | ||
| 245 |
_aModern Control Engineering / _cBy, Katsuhiko Ogata |
||
| 250 | _a3rd | ||
| 260 |
_aNew Delhi _bPrentice-Hall of India Private Limited _c1998 |
||
| 270 |
_aM-97, Connaught Circus, _bNew Delhi _e110001 |
||
| 300 |
_axi,997p. _bill _c23cm.(Hb) |
||
| 500 | _aThis Twenty Second Indian Reprint Rs.225.00 & Original U.S. Edition Rs. 3444.00 | ||
| 942 |
_2ddc _cEN _e3rd _h629.8312 _mOGA |
||